000 00713nam a2200181Ia 4500
005 20260429112242.0
008 260429s9999||||xx |||||||||||||| ||und||
020 _a9788193630266
041 _aHindi
082 _a891.21
_bDIK
100 _aदीक्षित, हरिनारायण
245 0 _aपण्डितराजजगन्नाथकाव्यग्रन्थावली :
_bहिन्दी अनुवादसहिता /
_cहरिनारायण दीक्षित
250 _a2nd ed.
260 _aदिल्ली :
_bईस्टर्न बुक लिंकर,
_c2018.
300 _axxvii, 521 p.; Hb
650 _aSanskrit Literature
942 _cTB
999 _c53130
_d53130